|
|
|
|
| LEADER |
00793ncm a22002172a 4500 |
| 001 |
001193113 |
| 003 |
CZ BrMZK |
| 005 |
20120215084256.0 |
| 007 |
qu |
| 008 |
120207s1976 enk|||||||||||||||||zxx d |
| 040 |
|
|
|a BOA001
|b cze
|
| 072 |
|
7 |
|a 787
|x Hudba pro strunné a smyčcové nástroje
|2 Konspekt
|9 9
|
| 100 |
1 |
|
|a Britten, Benjamin,
|d 1913-1976
|7 jn19990001103
|4 cmp
|
| 245 |
1 |
0 |
|a Third suite for cello, op. 87
|h [hudebnina] /
|c Benjamin Britten ; edit. by Mstislav Rostropovich
|
| 260 |
|
|
|a London :
|b Faber Music,
|c 1976
|
| 300 |
|
|
|a 17 s.
|
| 700 |
1 |
|
|a Rostropovič, Mstislav Leopol‘dovič,
|d 1927-2007
|7 jn20000720255
|4 edt
|
| 910 |
|
|
|a BOA001
|b Mus4-0918.683
|
| 990 |
|
|
|a MU
|
| 991 |
|
|
|b 201202
|
| 996 |
6 |
|
|b 2619053893
|c Mus4-0918.683
|l MZK
|r Sklad / do 1 hodiny
|n 0
|w 001226617
|u 000010
|a 1
|e BOA001
|j MZK50
|s P
|